000
00339nam a2200133Ia 4500
008
230411s9999 xx 000 0 und d
041
_a
eng
082
_a
CH/610.7343/BAS/B00025
100
_a
Swarnkar Keshav
245
_a
Community Health Nursing
260
_b
N R Brothers
_a
Indore
_c
2004
300
_a
803p
999
_c
151549
_d
151549